Income/Expense analysis suburban office buildings

Bibliographic Details
Corporate Author: Institut of Real Estate Management
Format: Book
Language:English
Published: Chicago, Illinois : Institute of Real Estate Management 1980
Subjects:

MARC

LEADER 00000cam a2200000 7i4500
001 0000007691
005 20241004.0
008 240828 ilu eng
020 |a 091210452X 
040 |a INS   |b eng   |e rda 
090 0 0 |a RHD1394   |b .I48 1980 
245 0 0 |a Income/Expense analysis suburban office buildings 
264 1 |a Chicago, Illinois :   |b Institute of Real Estate Management   |c 1980 
300 |a 168 pages ;   |c 28 cm. 
336 |a text  |2 rdacontent 
337 |a unmediated  |2 rdamedia 
338 |a volume  |2 rdacarrier 
650 0 |a Office buildings   |z United states   |y Finance 
710 2 |a Institut of Real Estate Management 
999 |a 0000023965   |b BOOK   |c Red Spot   |e Default branch